| 000 | 00872nas a2200289 4500 | ||
|---|---|---|---|
| 001 | BR0805625 | ||
| 003 | BR-BrBNA | ||
| 005 | 20231205111958.0 | ||
| 007 | ta | ||
| 008 | 230509b bl.|||p| |||| 00| 00por d | ||
| 040 |
_aBR-BrBNA _bpor _cBiblioteca Nacional de Agricultura |
||
| 041 | _a(Pt) | ||
| 072 | _aL01 | ||
| 100 | 1 | _aEfe, M.A. | |
| 100 | 1 | _aOliveira, A.C. de | |
| 100 | 1 | _aKanegae, M.F. | |
| 100 | 1 | _aAlves, V.S. | |
| 100 | 1 | _aRosário, L.A. do | |
| 100 | 1 | _aScherer Neto, P. | |
| 245 | 1 | _aAnálise dos dados de recuperação de sula spp. (Pelecaniformes, Sulidae)ocorridas no Brasil entre 1981 e 2000 | |
| 650 | _aMARCAÇÃO | ||
| 650 | _aAVE SELVAGEM | ||
| 650 | _aLONGEVIDADE | ||
| 773 | 0 |
_tOrnithologia (Brazil) _xISSN 1808-7221 _g(Jun 2006), v. 1(2) p. 125-133 _wBR0805625 |
|
| 909 |
_a202311 _bLúcia _c55 _dLúcia Elande |
||
| 942 |
_2AGRIS _n0 _cANA |
||
| 999 |
_c195436 _d195436 |
||